|
|
|
|
| LEADER |
01113nam a22002897a 4500 |
| 001 |
mzk03001207620 |
| 003 |
CZ BrMZK |
| 005 |
20141013093654.0 |
| 008 |
980105s1646 ne fr|||||00| ||latod |
| 040 |
|
|
|a BOA001
|b cze
|c BOA001
|
| 072 |
|
7 |
|a 094
|x Staré tisky
|2 Konspekt
|9 12
|
| 080 |
|
|
|a (0.068)094
|2 MRF
|
| 100 |
0 |
|
|a Ignác,
|c z Antiochie, svatý,
|d -asi 107
|7 js20020122090
|4 aut
|
| 245 |
1 |
0 |
|a Epistolae genuinae s. Ignatii Martyris :
|b quae nunc primum lucem vident ex bibliotheca Florentina. Adduntur S. Ignatii epistolae quales vulgo circumferuntur. Adhaec s. Barnabae epistola : accessit universis translatio vetus /
|c edidit, et notas addidit Isaacus Vossius
|
| 260 |
|
|
|a Amstelodami :
|b apud Ioannem Blaeu,
|c 1646
|
| 300 |
|
|
|a VI, 318 s. ;
|c 4°
|
| 510 |
3 |
|
|a Swissbib
|
| 655 |
|
7 |
|a staré tisky
|7 fd422076
|2 czenas
|
| 700 |
1 |
|
|a Vossius, Isaac,
|d 1618-1689
|7 mzk2006356120
|4 edt
|
| 700 |
0 |
|
|a Barnabáš,
|c svatý,
|d zemř. 61
|4 ant
|
| 903 |
|
|
|a RP
|
| 910 |
|
|
|a BOE452
|b Mn
|
| 978 |
|
|
|b Blaeu, Joan I.
|a Amsterdam
|c 1646
|
| 984 |
|
|
|a Amsterdam
|b Nizozemsko
|
| 985 |
|
|
|a 1601-1650
|
| 990 |
|
|
|a BK
|
| 991 |
|
|
|k minorite
|